Science Quiz

Random Science or Food Quiz

Food by Species Name Quiz Stats

 Plays Quiz Updated May 29, 2019

Score 0/22 Timer 04:00
9 Plays Today
Species Food % Correct
Asparagus officinalisAsparagus
98.8%
Cinnamomum loureiroiCinnamon
97.6%
Cuminum cyminumCumin
92.5%
Thymus sp.Thyme
90.7%
Wasabia japonicaWasabi
84.7%
Mentha spicataSpear Mint
83.5%
Rheum rhabarbarumRhubarb
76.7%
Cucumis sativusCucumber
76.5%
Theobroma cacaoChocolate
73%
Sesamum indicumSesame Seeds
72%
Piper nigrumBlack Pepper
71.7%
Species Food % Correct
Origanum vulgareOregano
70.6%
Ocimum basilicumBasil
66.3%
Prunus domesticaPlum
56.2%
Solanum tuberosumPotato
52.7%
Capsicum annuumChili Pepper
46.3%
Beta vulgarisBeet
43.7%
Zea maysCorn
33%
Helianthus annuusSunflower Seeds
23.8%
Pisum sativumPeas
17%
Pyrus sp.Pear
11.5%
Carum carviCaraway
9.2%

You're not logged in!

Compare scores with friends on all Sporcle quizzes.
OR
Log In

Sporcle TV

Today on Sporcle TV


Watch our educational content, quiz creation guides, and fun videos on Sporcle TV.

Show Comments

Extras

Top Quizzes Today


Score Distribution

Your Account Isn't Verified!

In order to create a playlist on Sporcle, you need to verify the email address you used during registration. Go to your Sporcle Settings to finish the process.

Report this User

Report this user for behavior that violates our Community Guidelines.

Details: